<?xml version="1.0" encoding="UTF-8"?>
<collection xmlns="http://www.loc.gov/MARC21/slim">
 <record>
  <leader>     na                 </leader>
  <controlfield tag="001">INLIS000000000015502</controlfield>
  <controlfield tag="005">20260210111905</controlfield>
  <datafield tag="035" ind1=" " ind2=" ">
   <subfield code="a">0010-0522000920</subfield>
  </datafield>
  <controlfield tag="008">260210                g          0 ind  </controlfield>
  <datafield tag="020" ind1=" " ind2=" ">
   <subfield code="a">9766022230618</subfield>
  </datafield>
  <datafield tag="082" ind1=" " ind2=" ">
   <subfield code="a">781. 621</subfield>
  </datafield>
  <datafield tag="084" ind1=" " ind2=" ">
   <subfield code="a">781. 621 AND g</subfield>
  </datafield>
  <datafield tag="100" ind1="0" ind2=" ">
   <subfield code="a">Andarini Saptika</subfield>
  </datafield>
  <datafield tag="245" ind1="1" ind2=" ">
   <subfield code="a">Gamelan Dan Karawitan</subfield>
  </datafield>
  <datafield tag="250" ind1=" " ind2=" ">
   <subfield code="a">Cetakan 2</subfield>
  </datafield>
  <datafield tag="260" ind1=" " ind2=" ">
   <subfield code="a">Jakarta :</subfield>
   <subfield code="b">Multazam Mulia Utama,</subfield>
   <subfield code="c">2012</subfield>
  </datafield>
  <datafield tag="300" ind1=" " ind2=" ">
   <subfield code="a">iv + 70 halaman :</subfield>
   <subfield code="b">Ilustrasi [Warna] ;</subfield>
   <subfield code="c">25 cm</subfield>
  </datafield>
  <datafield tag="650" ind1=" " ind2="4">
   <subfield code="a">Musik</subfield>
  </datafield>
  <datafield tag="650" ind1=" " ind2="4">
   <subfield code="a">Gamelan</subfield>
  </datafield>
  <datafield tag="502" ind1=" " ind2=" ">
   <subfield code="a">Indeks : 69-70 halaman</subfield>
  </datafield>
  <datafield tag="504" ind1=" " ind2=" ">
   <subfield code="a">Bibliografi : 68 halaman</subfield>
  </datafield>
  <datafield tag="505" ind1=" " ind2=" ">
   <subfield code="a">Sejarah dan Perkembangan Gamelan  &#13;
Asal-usul gamelan, evolusi instrumen, serta peranannya dalam budaya Jawa dan Nusantara.&#13;
&#13;
Instrumen Gamelan  &#13;
Deskripsi alat musik utama seperti gong, kendang, saron, bonang, gender, dan rebab, termasuk fungsi masing-masing dalam ensambel.&#13;
&#13;
Konsep Musikal Karawitan  &#13;
Penjelasan tentang laras (tangga nada slendro dan pelog), pathet (pola nada), serta struktur gending (komposisi musik tradisional).&#13;
&#13;
Teknik dan Praktik Bermain  &#13;
Cara memainkan instrumen gamelan, teknik vokal sindhen, serta koordinasi antar pemain dalam sebuah pertunjukan.&#13;
&#13;
Fungsi Sosial dan Budaya  &#13;
Peran gamelan dan karawitan dalam upacara adat, ritual keagamaan, hiburan, serta seni pertunjukan seperti wayang kulit dan tari tradisional.&#13;
&#13;
Nilai Estetika dan Filosofi  &#13;
Makna simbolis dalam musik gamelan, hubungan dengan kosmologi Jawa, serta nilai kebersamaan yang tercermin dalam permainan kolektif.&#13;
&#13;
Pelestarian dan Perkembangan Modern  &#13;
Upaya menjaga tradisi gamelan dan karawitan, sekaligus adaptasi dalam konteks pendidikan, penelitian, dan seni kontemporer.</subfield>
  </datafield>
  <datafield tag="520" ind1=" " ind2=" ">
   <subfield code="a">Buku Gamelan dan Karawitan membahas seni musik tradisional Jawa yang berakar pada sistem gamelan sebagai ensambel instrumen, serta karawitan sebagai seni vokal dan instrumental yang menyertainya. Materi di dalamnya mencakup sejarah perkembangan gamelan, jenis-jenis instrumen (seperti gong, kendang, saron, bonang), serta fungsi masing-masing dalam membentuk harmoni khas. Selain itu, buku ini menguraikan konsep musikal karawitan, termasuk laras (tangga nada), pathet (pola nada), dan struktur gending (komposisi musik tradisional). Penjelasan juga diberikan mengenai peran gamelan dan karawitan dalam kehidupan masyarakat, baik sebagai hiburan, ritual, maupun sarana ekspresi budaya. Dengan pendekatan yang sistematis, buku ini menjadi sumber pengetahuan sekaligus sarana pelestarian seni musik tradisional Jawa, yang relevan bagi pelajar, peneliti, maupun pecinta seni.</subfield>
  </datafield>
  <datafield tag="990" ind1=" " ind2=" ">
   <subfield code="a">061673</subfield>
  </datafield>
  <datafield tag="990" ind1=" " ind2=" ">
   <subfield code="a">061672</subfield>
  </datafield>
  <datafield tag="990" ind1=" " ind2=" ">
   <subfield code="a">061674</subfield>
  </datafield>
 </record>
</collection>
